[Event "GER-chT U12"]
[Site "Magdeburg"]
[Date "2018.12.27"]
[Round "2.1"]
[White "Oez, Mert"]
[Black "Schwartz, Oliver"]
[Result "0-1"]
[WhiteElo "1311"]
[BlackElo "1603"]
[PlyCount "66"]
[EventDate "2018.12.27"]
[EventType "team-swiss"]
[EventRounds "7"]
[EventCountry "GER"]
[SourceTitle "CBM 188 Extra"]
[Source "ChessBase"]
[SourceDate "2019.02.28"]
[SourceVersion "1"]
[SourceVersionDate "2019.02.28"]
[SourceQuality "1"]
[WhiteTeam "Bebenhausen"]
[BlackTeam "Ostfildern"]
[WhiteTeamCountry "GER"]
[BlackTeamCountry "GER"]

1. e4 c5 2. Nf3 Nc6 3. d4 cxd4 4. c3 dxc3 5. Nxc3 e6 6. Bc4 Qc7 7. Qe2 Nf6 8. 0-0 Ng4 9. Rd1 Bc5 10. Be3 Nxe3 11. fxe3 0-0 12. Rac1 a6 13. a3 b5 14. Ba2 Bb6 15. Nd5 exd5 16. exd5 Qa7 17. dxc6 Bxe3+ 18. Kh1 Bxc1 19. Rxc1 dxc6 20. Qd3 Qd7 21. Qc2 Bb7 22. Rf1 Qe7 23. Re1 Qf6 24. Ne5 Rae8 25. Qe4 c5 26. Nd7 Bxe4 27. Nxf6+ gxf6 28. Rc1 Bb7 29. h3 Re2 30. Rg1 Rd8 31. Kh2 Rdd2 32. Kg3 Rxg2+ 33. Rxg2 Rxg2+ 0-1

[Event "GER-chT U14"]
[Site "Verden an der Aller"]
[Date "2017.12.28"]
[Round "4.3"]
[White "Biermann, Sophie"]
[Black "Oez, Mert"]
[Result "1-0"]
[WhiteElo "1478"]
[BlackElo "1379"]
[PlyCount "63"]
[EventDate "2017.12.26"]
[EventType "team-swiss"]
[EventRounds "7"]
[EventCountry "GER"]
[SourceTitle "CBM 182 Extra"]
[Source "ChessBase"]
[SourceDate "2018.02.23"]
[SourceVersion "1"]
[SourceVersionDate "2018.02.23"]
[SourceQuality "1"]
[WhiteTeam "Konz Karthaus"]
[BlackTeam "Bebenhausen"]
[WhiteTeamCountry "GER"]
[BlackTeamCountry "GER"]

1. e4 c5 2. Nc3 Nc6 3. f4 d6 4. Nf3 Nf6 5. Bc4 e6 6. d3 Be7 7. 0-0 0-0 8. h3 a6 9. a4 d5 10. Ba2 dxe4 11. Nxe4 Nxe4 12. dxe4 Qxd1 13. Rxd1 b6 14. Be3 Bb7 15. Rd7 Rab8 16. c3 Rfd8 17. Rad1 Ba8 18. f5 exf5 19. exf5 Rb7 20. Rxd8+ Bxd8 21. Ne5 Bf6 22. Nxc6 Rc7 23. Nd8 Re7 24. Bxf7+ Rxf7 25. Nxf7 Kxf7 26. Rd7+ Ke8 27. Rd6 Ke7 28. Rxb6 Kd7 29. Rxa6 Bb7 30. Ra5 g6 31. fxg6 hxg6 32. Rxc5 1-0

[Event "GER-chT U14"]
[Site "Verden an der Aller"]
[Date "2017.12.28"]
[Round "3.3"]
[White "Hiller, Klemens"]
[Black "Oez, Mert"]
[Result "1-0"]
[WhiteElo "1174"]
[BlackElo "1379"]
[PlyCount "139"]
[EventDate "2017.12.26"]
[EventType "team-swiss"]
[EventRounds "7"]
[EventCountry "GER"]
[SourceTitle "CBM 182 Extra"]
[Source "ChessBase"]
[SourceDate "2018.02.23"]
[SourceVersion "1"]
[SourceVersionDate "2018.02.23"]
[SourceQuality "1"]
[WhiteTeam "Dresden Striesen"]
[BlackTeam "Bebenhausen"]
[WhiteTeamCountry "GER"]
[BlackTeamCountry "GER"]

1. d4 d5 2. c4 e6 3. Nc3 Nf6 4. e3 Be7 5. Nf3 0-0 6. Be2 dxc4 7. Bxc4 b6 8. 0-0 Bb7 9. b3 c5 10. Be2 cxd4 11. Qxd4 Qxd4 12. Nxd4 Nc6 13. Ncb5 Nxd4 14. Nxd4 Rac8 15. Nf3 Rfd8 16. Rd1 Rxd1+ 17. Bxd1 Rd8 18. Bb2 h6 19. Be2 Rc8 20. Rc1 Rxc1+ 21. Bxc1 a5 22. Bb2 Kf8 23. Ne5 Ke8 24. Bb5+ Kf8 25. Bd4 Bc5 26. Bxc5+ bxc5 27. Nc4 Nd5 28. Nxa5 Nc3 29. Nxb7 Nxb5 30. Nxc5 Na3 31. Kf1 Ke7 32. Ke2 Kd6 33. Ne4+ Kc6 34. Kd2 Kd5 35. Nc3+ Kc5 36. Kc1 f5 37. Kb2 Nb5 38. Nxb5 Kxb5 39. Kc3 e5 40. a4+ Kb6 41. Kc4 g5 42. b4 f4 43. e4 g4 44. g3 h5 45. a5+ Kb7 46. Kc5 h4 47. gxh4 f3 48. h5 g3 49. hxg3 Ka6 50. h6 Kb7 51. Kd5 Ka6 52. Kc6 Ka7 53. h7 Ka6 54. Kd5 Kb5 55. Kxe5 Kxb4 56. Kf4 Kc3 57. Kxf3 Kc2 58. g4 Kd2 59. g5 Kd1 60. h8R Kd2 61. g6 Kd1 62. g7 Kd2 63. g8R Kd3 64. Rd8+ Kc4 65. Rh7 Kb5 66. Rc7 Ka4 67. Rb8 Ka3 68. a6 Ka2 69. a7 Ka3 70. a8Q# 1-0